000 00776nam a2200217 i 4500
001 77689
003 ES-MaACL
005 20230906173337.0
007 t|
008 041103s1998 pr ||||1| spa d
020 _a0-8744-0302-9
080 _a821.134.2(729.1).09"19"
245 0 0 _aAfrocuba
_b: una antología de escritos cubanos sobre raza, política y cultura /
_cPedro Pérez Sarduy, Jean Stubb, compiladores.
250 _a1ª ed. en castellano.
260 _aSan Juan de Puerto Rico :
_bUniversidad de Puerto Rico,
_c1998.
300 _a310 p. ;
_c23 cm.
650 4 _aLiteratura cubana-
_yS.XX.
_914532
700 1 _aPérez Sarduy, Pedro.
_991150
700 1 _aStubbs, Jean.
_9108488
852 _aES-MaACL
_jE-10220
_bR.134453
999 _c77689
_d77689